00564nam a2200157 a 450000100100000000500170001000800410002702000150006804000250008308200150010824500800012326000440020330000290024795201130027699900170038900004242520201002040139.0131129s1993 sp a 000 0 spa d a8479791276 aDO-SdBNPbspacBNPHU axxxxbxxxx03aEl amor del Rey Salomón :bpasión de amor en el Cantar de los Cantares. aMadrid :bAnaya & Mario Muchnik,c1993. a[35] p. :bil. ;c12 cm. 001050718MOaGRbGRcCTd2013-11-29iLF1l0oxxxx xxxxp42425-10r2020-06-25w2020-06-25y1ZNo se presta c41914d41914